LEADER 00856nam0-2200289 --450 001 9910575894703321 005 20220628161936.0 010 $a978-88-6579-128-8 100 $a20220628d2017----kmuy0itay5050 ba 101 0 $aita 102 $aIT 105 $ay 001yy 200 1 $aCattivi per sempre?$eVoci dalle carceri$eviaggio nei circuiti di alta sicurezza$fOrnella Favero 210 $aTorino$cGruppo Abele$d2017 215 $a175 p.$d21 cm 225 1 $a<>‰staffette$v33 610 0 $aDetenuti$aRieducazione 610 0 $aDetenzione$aDiari e memorie 676 $a365.66$v22$zita 700 1$aFavero,$bOrnella$01241922 801 0$aIT$bUNINA$gREICAT$2UNIMARC 901 $aBK 912 $a9910575894703321 952 $aCOLLEZ. 3143 (33)$b1098/2022$fFSPBC 959 $aFSPBC 996 $aCattivi per sempre$92880724 997 $aUNINA LEADER 01648nam 2200337 n 450 001 996396110303316 005 20221108024414.0 035 $a(CKB)4330000000358755 035 $a(EEBO)2240903961 035 $a(UnM)99865041 035 $a(EXLCZ)994330000000358755 100 $a19940113d1649 uy | 101 0 $aeng 135 $aurbn||||a|bb| 200 02$aA vindication of the ministers of the Gospel in, and about London, from the unjust aspersions cast upon their former actings for the Parliament, as if they had promoted the bringing of the King to capitall punishment$b[electronic resource] $eWith a short exhortation to their people to keep close to their covenant-ingagement 210 $aLondon $cPrinted by A.M. for Th. Vnderhill at the Bible in Woodstreet$d1648. [i.e. 1649] 215 $a[2], 11, [1] p 300 $aDrawn up by Cornelius Burges during Charles I's trial in January 1649 and signed at the end by him and 56 other ministers. 300 $aAnnotation on Thomason copy: "Jan. 27". 300 $aReproduction of the original in the British Library. 330 $aeebo-0018 607 $aGreat Britain$xHistory$yCivil War, 1642-1649$vEarly works to 1800 701 $aBurges$b Cornelius$f1589?-1665.$01002137 801 0$bCu-RivES 801 1$bCu-RivES 801 2$bCStRLIN 801 2$bWaOLN 906 $aBOOK 912 $a996396110303316 996 $aA vindication of the ministers of the Gospel in, and about London, from the unjust aspersions cast upon their former actings for the Parliament, as if they had promoted the bringing of the King to capitall punishment$92300066 997 $aUNISA